000 00306nam a2200121Ia 4500
008 240731s9999 xx 000 0 und d
022 _a1542-7625
245 0 _aTechnical Communication Quarterly
260 _bRoutledge
856 _uhttps://www.tandfonline.com/loi/htcq20
942 _2ddc
942 _cTFEJ
999 _c79815
_d79815
945 _a1
_bMadushi Gamage
_c1
_dMadushi Gamage